[Event "Kurpfalz Seniors op 07th"]
[Site "Ludwigshafen"]
[Date "2001.10.06"]
[Round "7"]
[White "Frantzke, Helmut"]
[Black "Grenner, Franz"]
[Result "1-0"]
[WhiteElo "1822"]
[BlackElo "1736"]
[PlyCount "106"]
[EventDate "2001.09.30"]
[EventType "swiss"]
[EventRounds "7"]
[EventCountry "GER"]
[SourceTitle "EXT 2007"]
[Source "ChessBase"]
[SourceDate "2006.11.23"]
[SourceVersion "1"]
[SourceVersionDate "2006.11.23"]
[SourceQuality "1"]

1. Nf3 d5 2. d3 Nf6 3. g3 Bg4 4. Bg2 Nbd7 5. Nbd2 e5 6. e4 dxe4 7. dxe4 Bc5 8. 0-0 0-0 9. h3 Bxf3 10. Qxf3 Re8 11. a4 a5 12. Nc4 Qe7 13. c3 Qe6 14. Ne3 c6 15. Nf5 g6 16. Nh6+ Kg7 17. g4 Ng8 18. g5 Nxh6 19. gxh6+ Kg8 20. h4 Rf8 21. Bh3 Qf6 22. Qg3 Nb6 23. h5 Be7 24. hxg6 fxg6 25. f4 Qh4 26. Be6+ Kh8 27. Qxh4 Bxh4 28. f5 Rae8 29. Be3 Nc8 30. Bc5 Ne7 31. Bd6 Bf6 32. Rad1 g5 33. Kg2 Rd8 34. Bc5 b6 35. Bd6 Rfe8 36. Bf7 Rf8 37. Bc4 Rd7 38. Be6 Rdd8 39. b3 Rfe8 40. Bf7 Rf8 41. Bc4 Rd7 42. Bxe7 Rxe7 43. Rd6 Rc7 44. Rfd1 Be7 45. Re6 g4 46. Kg3 b5 47. Be2 Bg5 48. Rdd6 Bf4+ 49. Kg2 Rfc8 50. Bxg4 b4 51. c4 c5 52. Kf3 Bh2 53. f6 Bf4 1-0

[Event "Kurpfalz Seniors op 07th"]
[Site "Ludwigshafen"]
[Date "2001.10.02"]
[Round "3"]
[White "Hassloecher, Karl Heinz"]
[Black "Grenner, Franz"]
[Result "0-1"]
[WhiteElo "1312"]
[BlackElo "1736"]
[PlyCount "64"]
[EventDate "2001.09.30"]
[EventType "swiss"]
[EventRounds "7"]
[EventCountry "GER"]
[SourceTitle "EXT 2007"]
[Source "ChessBase"]
[SourceDate "2006.11.23"]
[SourceVersion "1"]
[SourceVersionDate "2006.11.23"]
[SourceQuality "1"]

1. d4 d5 2. Nf3 Nf6 3. Bf4 c5 4. e3 Nc6 5. a3 Bf5 6. Bd3 Bg6 7. dxc5 a5 8. Bxg6 hxg6 9. Nc3 e6 10. Na4 Ne4 11. Ne5 Nxc5 12. Nxc5 Bxc5 13. Qf3 Nxe5 14. Bxe5 Rh7 15. 0-0-0 Qb6 16. Rd3 Kf8 17. Rb3 Qa6 18. a4 Bb4 19. c3 Qc4 20. Kc2 Rc8 21. Rd1 Qc6 22. Ra1 Rh5 23. Qg3 Qc4 24. Re1 Qe4+ 25. Kd2 Rxe5 26. f3 Qf5 27. f4 Re4 28. cxb4 Rxb4 29. e4 dxe4 30. Ree3 Qd5+ 31. Ke2 Rc1 32. Kf2 Rxb3 0-1

[Event "Kurpfalz Seniors op 07th"]
[Site "Ludwigshafen"]
[Date "2001.09.30"]
[Round "1"]
[White "Schoeffler, Herta"]
[Black "Grenner, Franz"]
[Result "0-1"]
[WhiteElo "1345"]
[BlackElo "1736"]
[PlyCount "58"]
[EventDate "2001.09.30"]
[EventType "swiss"]
[EventRounds "7"]
[EventCountry "GER"]
[SourceTitle "EXT 2007"]
[Source "ChessBase"]
[SourceDate "2006.11.23"]
[SourceVersion "1"]
[SourceVersionDate "2006.11.23"]
[SourceQuality "1"]

1. Nf3 d5 2. d4 Nf6 3. Nc3 c6 4. Bg5 Nbd7 5. g3 h6 6. Bd2 Nb6 7. b3 Bf5 8. Bg2 e6 9. 0-0 Bd6 10. Re1 Qc7 11. Nh4 Bh7 12. e4 dxe4 13. Nxe4 Nxe4 14. Bxe4 Bxe4 15. Rxe4 Nd5 16. Nf5 Bf8 17. c4 Nf6 18. Bf4 Qd7 19. Re5 g6 20. Ne3 g5 21. Bxg5 hxg5 22. Rxg5 Bh6 23. Re5 0-0-0 24. Qf3 Qxd4 25. Rd1 Qxe5 26. Rxd8+ Rxd8 27. Ng2 Qa1+ 28. Ne1 Qxe1+ 29. Kg2 Qe4 0-1

[Event "Kurpfalz op Seniors op 06th"]
[Site "Ludwigshafen"]
[Date "2000.10.06"]
[Round "6"]
[White "Schwertel, Johann"]
[Black "Grenner, Franz"]
[Result "1/2-1/2"]
[WhiteElo "1847"]
[BlackElo "1807"]
[PlyCount "63"]
[EventDate "2000.10.01"]
[EventType "swiss"]
[EventRounds "7"]
[EventCountry "GER"]
[SourceTitle "EXT 2007"]
[Source "ChessBase"]
[SourceDate "2006.11.23"]
[SourceVersion "1"]
[SourceVersionDate "2006.11.23"]
[SourceQuality "1"]

1. d4 d5 2. Nf3 Nf6 3. Bf4 c5 4. e3 Nc6 5. c3 Qb6 6. Qc1 Bf5 7. dxc5 Qxc5 8. Nd4 Nxd4 9. exd4 Qb6 10. Nd2 e6 11. Be2 Be7 12. 0-0 0-0 13. Re1 Rac8 14. Nf1 Bd6 15. Bg3 Bxg3 16. Nxg3 Bg6 17. Qd2 Ne4 18. Nxe4 Bxe4 19. f3 Bg6 20. Bf1 Rfe8 21. Qf2 a6 22. Re3 Qa5 23. a4 Qd8 24. g3 Qf6 25. Re5 h6 26. h4 Kh8 27. Rae1 Bh7 28. Qe3 Rg8 29. h5 g5 30. b3 Rg7 31. c4 g4 32. f4 1/2-1/2

[Event "Kurpfalz op Seniors op 06th"]
[Site "Ludwigshafen"]
[Date "2000.10.02"]
[Round "2"]
[White "Tochtermann, Georg"]
[Black "Grenner, Franz"]
[Result "1/2-1/2"]
[WhiteElo "2023"]
[BlackElo "1763"]
[PlyCount "103"]
[EventDate "2000.10.01"]
[EventType "swiss"]
[EventRounds "7"]
[EventCountry "GER"]
[SourceTitle "EXT 2007"]
[Source "ChessBase"]
[SourceDate "2006.11.23"]
[SourceVersion "1"]
[SourceVersionDate "2006.11.23"]
[SourceQuality "1"]

1. e4 e5 2. Nf3 Nc6 3. Bb5 a6 4. Ba4 Nf6 5. d3 b5 6. Bb3 Be7 7. c3 d6 8. Nbd2 Na5 9. Bc2 c5 10. 0-0 Nc6 11. Re1 0-0 12. Nf1 Re8 13. h3 h6 14. Be3 Bf8 15. g4 Nh7 16. Ng3 g5 17. Bb3 Ne7 18. d4 c4 19. Bc2 Ng6 20. Nf5 Nf4 21. Kh2 Bxf5 22. gxf5 Nf6 23. Bxf4 gxf4 24. Qe2 Qe7 25. Rg1+ Kh8 26. Rab1 Bg7 27. Rg2 Nh7 28. b3 cxb3 29. Bxb3 Bf6 30. c4 bxc4 31. Bxc4 Rf8 32. Rgg1 Ng5 33. Nxg5 hxg5 34. dxe5 Bxe5 35. f3 f6 36. Rbc1 Qa7 37. Qd2 Qe3 38. Qg2 Ra7 39. Rge1 Qb6 40. Be6 Rh7 41. Kh1 Bd4 42. Red1 Bc5 43. Rb1 Qa7 44. Rb3 Rb8 45. Rdb1 Rb6 46. Bd5 Rh4 47. Qf1 Qh7 48. R1b2 Rxh3+ 49. Qxh3 Qxh3+ 50. Rh2 Qxh2+ 51. Kxh2 Rxb3 52. axb3 1/2-1/2

[Event "Kurpfalz Seniors op 05th"]
[Site "Ludwigshafen"]
[Date "1999.??.??"]
[Round "?"]
[White "Buechler, Franz"]
[Black "Grenner, Franz"]
[Result "1-0"]
[WhiteElo "1829"]
[BlackElo "1775"]
[PlyCount "116"]
[EventDate "1999.10.09"]
[EventType "swiss"]
[EventRounds "7"]
[EventCountry "GER"]
[SourceTitle "EXT 2007"]
[Source "ChessBase"]
[SourceDate "2006.11.23"]
[SourceVersion "1"]
[SourceVersionDate "2006.11.23"]
[SourceQuality "1"]

1. Nf3 d5 2. g3 Bg4 3. Bg2 Nd7 4. c4 e6 5. cxd5 exd5 6. d3 Bd6 7. Nbd2 Ne7 8. b3 0-0 9. Bb2 Nc5 10. Qc2 f6 11. Ba3 Ne6 12. Bxd6 Qxd6 13. a3 a5 14. e3 Rfe8 15. d4 Nf8 16. Qc3 Qe6 17. 0-0 c6 18. Kh1 Bh3 19. Ng1 Bxg2+ 20. Kxg2 Nf5 21. Qd3 Nd6 22. Ne2 Ne4 23. Nxe4 Qxe4+ 24. Qxe4 Rxe4 25. Rfc1 Nd7 26. Nc3 Re7 27. Na4 Kf7 28. Nc5 Nxc5 29. Rxc5 Ra6 30. Rac1 Rb6 31. Rb1 Ra6 32. Rc2 Ke6 33. Rcb2 Kd6 34. Kf3 g6 35. Rc2 Rb6 36. Rc5 Ra6 37. Rbc1 Rb6 38. Rb1 Ra6 39. Ke2 Kc7 40. Rbc1 Kd6 41. Kf3 Kd7 42. h4 f5 43. Kf4 h6 44. R1c2 Ra8 45. Kf3 Re4 46. b4 axb4 47. axb4 Ra4 48. b5 Re6 49. Rb2 Kc7 50. bxc6 bxc6 51. Rc3 Ra7 52. Rcb3 Kd6 53. Rb8 Ree7 54. Rc8 Rac7 55. Rbb8 Rcd7 56. Rh8 Rh7 57. Rbg8 Rxh8 58. Rxh8 h5 1-0

[Event "Kurpfalz Seniors op 05th"]
[Site "Ludwigshafen"]
[Date "1999.??.??"]
[Round "?"]
[White "Geisert, Bernd"]
[Black "Grenner, Franz"]
[Result "1/2-1/2"]
[WhiteElo "1592"]
[BlackElo "1775"]
[PlyCount "111"]
[EventDate "1999.10.09"]
[EventType "swiss"]
[EventRounds "7"]
[EventCountry "GER"]
[SourceTitle "EXT 2007"]
[Source "ChessBase"]
[SourceDate "2006.11.23"]
[SourceVersion "1"]
[SourceVersionDate "2006.11.23"]
[SourceQuality "1"]

1. d4 d5 2. Nf3 Nf6 3. Bf4 c5 4. c3 Nc6 5. e3 Qb6 6. Qc1 Bf5 7. dxc5 Qxc5 8. Nbd2 Rc8 9. Nb3 Qb6 10. Nh4 Bd7 11. Nf3 Nh5 12. Bg3 Nxg3 13. hxg3 Bf5 14. Nh4 Bg4 15. f3 Be6 16. f4 g6 17. Nf3 Bg7 18. Ng5 Bf5 19. Qd2 h6 20. Nf3 0-0 21. Bd3 Bxd3 22. Qxd3 e5 23. Qd2 exf4 24. gxf4 Rfe8 25. Kf2 Re4 26. Rae1 Rxf4 27. Qxd5 Rf5 28. Qc4 Ne7 29. Qe4 Nd5 30. Nbd4 Nf6 31. Qc2 Rfc5 32. Qb3 Qc7 33. Rh3 Ne4+ 34. Kg1 Ng5 35. Nxg5 Rxg5 36. Nf3 Rf5 37. Nd4 Re5 38. Nf3 Re6 39. Nh2 Rce8 40. Nf1 b6 41. Nd2 Qc5 42. Qc4 Qe7 43. e4 Qd8 44. Rhe3 Qe7 45. Rf3 Qg5 46. Nb3 Qg4 47. Ref1 Qxe4 48. Qxe4 Rxe4 49. Rxf7 Rf8 50. Rxa7 Re2 51. Rxf8+ Bxf8 52. Kf1 Rxb2 53. Ra6 Rb1+ 54. Ke2 Rb2+ 55. Kf3 Bg7 56. Rxb6 1/2-1/2

[Event "Kurpfalz Seniors op 05th"]
[Site "Ludwigshafen"]
[Date "1999.??.??"]
[Round "?"]
[White "Grenner, Franz"]
[Black "Fassmann, Kurt"]
[Result "0-1"]
[WhiteElo "1775"]
[BlackElo "1977"]
[PlyCount "102"]
[EventDate "1999.10.09"]
[EventType "swiss"]
[EventRounds "7"]
[EventCountry "GER"]
[SourceTitle "EXT 2007"]
[Source "ChessBase"]
[SourceDate "2006.11.23"]
[SourceVersion "1"]
[SourceVersionDate "2006.11.23"]
[SourceQuality "1"]

1. e4 e6 2. d4 b6 3. Bd3 Bb7 4. Nf3 c5 5. c3 Nf6 6. Bg5 Be7 7. Nbd2 d6 8. 0-0 Nfd7 9. Bxe7 Qxe7 10. Re1 Nc6 11. Rc1 0-0 12. Bb1 Rac8 13. Nf1 Rfd8 14. Ng3 Nf8 15. Qe2 Ng6 16. Qe3 Nh4 17. Ng5 h6 18. Nh3 cxd4 19. cxd4 e5 20. d5 Nd4 21. f4 Rxc1 22. Rxc1 Rc8 23. Rxc8+ Bxc8 24. f5 Qc7 25. Qc3 Qxc3 26. bxc3 Nb5 27. Ne2 g6 28. Bd3 Nc7 29. g3 Nf3+ 30. Kf2 Nxh2 31. Kg2 Ng4 32. Kf3 gxf5 33. exf5 Nf6 34. c4 Na6 35. Nc3 Bd7 36. Ne4 Nxe4 37. Bxe4 Kg7 38. Nf2 Kf6 39. Ng4+ Kg5 40. Ne3 Nc5 41. Bc2 h5 42. Kg2 a6 43. Kf3 Bc8 44. Kf2 e4 45. a3 Bxf5 46. Nxf5 Kxf5 47. Ke3 Kg4 48. Bd1+ Kxg3 49. Bxh5 f5 50. Bg6 f4+ 51. Ke2 Kg2 0-1